Normal view
MARC view
- Horn, D. T
Entry Personal Name
001 - CONTROL NUMBER
- control field: 66741
003 - CONTROL NUMBER IDENTIFIER
- control field: NUST
005 - DATE AND TIME OF LATEST TRANSACTION
- control field: 20210628203648.0
008 - FIXED-LENGTH DATA ELEMENTS
- fixed length control field: 210628|| aca||aabn | a|a d
040 ## - CATALOGING SOURCE
- Original cataloging agency: NUST
- Transcribing agency: NUST
100 ## - HEADING--PERSONAL NAME
- Personal name: Horn, D. T
670 ## - SOURCE DATA FOUND
- Source citation: Work cat.: (NUST): Horn, D. T, Basic electricity and electronics, 1993
